Čo prináša globalizácia a kríza do profesijnej komunikácie?

Obraznosť ako jav, ktorý sa prejavuje v súčasnej odbornej komunikácii v hospodárskej sfére na Slovensku. Obraznosť verzus model odbornej vedeckej komunikácie.

Gespeichert in:
Bibliographische Detailangaben
1. Verfasser: Breveníková, Daniela
Format: Buchkapitel
Sprache:Slowakisch
Schlagworte:
Tags: Tag hinzufügen
Keine Tags, Fügen Sie das erste Tag hinzu!

MARC

LEADER 00000naa$a2200000$$$4500
001 0111311
005 20240502083257.2
041 0 |a slo 
044 |a CZ 
245 1 0 |a Čo prináša globalizácia a kríza do profesijnej komunikácie?  |c Daniela Breveníková 
520 |a Obraznosť ako jav, ktorý sa prejavuje v súčasnej odbornej komunikácii v hospodárskej sfére na Slovensku. Obraznosť verzus model odbornej vedeckej komunikácie. 
610 2 0 |a komunikácia 
610 2 0 |a jazyky cudzie 
610 2 0 |a vzdelávanie 
610 2 0 |a angličtina 
100 1 |a Breveníková, Daniela